[Event "ARG-ch U12"]
[Site "Villa Martelli"]
[Date "2018.02.09"]
[Round "2.5"]
[White "Sanchez, Santiago"]
[Black "Molina, Facundo Ezequiel"]
[Result "1-0"]
[WhiteElo "1487"]
[BlackElo "1142"]
[PlyCount "79"]
[EventDate "2018.02.09"]
[EventType "swiss"]
[EventRounds "9"]
[EventCountry "ARG"]
[SourceTitle "EXT 2024"]
[Source "ChessBase"]
[SourceDate "2023.10.10"]
[SourceVersion "1"]
[SourceVersionDate "2023.10.10"]
[SourceQuality "1"]

1. c4 Nf6 2. g3 e6 3. Bg2 d5 4. cxd5 exd5 5. Nf3 Nbd7 6. 0-0 Be7 7. d4 0-0 8. Nc3 b6 9. Re1 Bb4 10. Qc2 Bb7 11. Bd2 Bxc3 12. Bxc3 Ne4 13. Rac1 Rc8 14. Nd2 Nxc3 15. bxc3 Nf6 16. Qf5 c5 17. Nf3 cxd4 18. cxd4 Rxc1 19. Rxc1 Qe7 20. Ne5 Ne4 21. Bxe4 dxe4 22. Qd7 Qxd7 23. Nxd7 Rc8 24. Rxc8+ Bxc8 25. Ne5 f6 26. Nc6 a5 27. Ne7+ Kf7 28. Nxc8 b5 29. Nd6+ Ke6 30. Nxb5 Kd5 31. Na7 a4 32. e3 g5 33. Kf1 Kc4 34. Ke2 Kc3 35. d5 Kb2 36. Kd2 Ka3 37. d6 Kxa2 38. d7 Kb2 39. Nb5 a3 40. Nxa3 1-0